| 000 | 00774cam a22002177a 4500 | ||
|---|---|---|---|
| 020 | _a9783825364762 (hd.bd.) | ||
| 020 | _a3825364763 (hd.bd.) | ||
| 040 | _cOHX | ||
| 082 | _a330 UNI 2016 A078 Or. | ||
| 245 | 0 | 5 |
_a"Der Augen Blödigkeit" : _bSinnestäuschungen, Trugwahrnehmung und visuelle Epistemologie im 18. Jahrhundert / |
| 260 |
_aHeidelberg : _bUniversitätsverlag Winter, _c[2016]. |
||
| 300 |
_a272 pages : _billustrations ; _c24 cm. |
||
| 490 | 1 | _aBeiträge zur Literaturwissenschaft und Wissenspoetik ; | |
| 500 | _aInternational conference proceedings. | ||
| 650 | 0 | _aVisual perception in literature | |
| 650 | 0 | _aSynesthesia in literature | |
| 650 | 0 | _aEuropean literature | |
| 700 | 1 | _aDueck, Evelyn, | |
| 700 | 1 | _aVuillemin, Nathalie, | |
| 942 | _cEK | ||
| 999 |
_c15963 _d15963 |
||